1294 1207 1857 1521 1595 1158 1849 1295 1557 1775 1630 1033 1119 1736 1007 1011 1951 1770 1295 1918 1683 1462 1646 1214 1651 1604 1841 1802 1746 1077 1236 1056 1307 1994 1116 1492 1988 1330 1711 1836 1534 1643 1076 1335 1983 1576 1501 1405 1458 1411 1309 1374 1858 1930 1249 1931 1203 1158 1018 1101 1906 1220 1310 1215 1023 1343 1530 1629 1421 1956 1322 1454 1460 1805 1105 1480 1584 1417 1325 1663 1258 1681 1722 1175 1867 1814 1017 1714 1880 1957 1425 1995 1135 1903 1042 1809 1571 1088 1798 BCNSPRNW ULIB Ver.6.0+V

เปลี่ยนเป็นภาษาไทย

Change to English
 แสดงรายละเอียดบรรณานุกรม
  กลับหน้าหลัก

Brief Record : Get Marc (ISO 2709) : E-mail record : QR code < ปิดหน้าต่าง
LEADER : 00000nam 2200000uu 4500
001    13399113417
003     ULIB
008    110627s2552||||th 000 0 tha d
020    9786115350049
090    นว.^bล455พ 2552
100 0  ลิลลี่พิงค์
245 00 พลิกรักสลับขั้วหัวใจของยังซินดี้กับนายแบดบอย/^cลิลลี่พิงค์
250    พิมพ์ครั้งที่ 1
260    กรุงเทพฯ :^bSugar rian,^c2552
300    169 หน้า
710 1  Sugar rian
945    ^p139^l0^i026031
995    ทศพร
999 ^a ใช้งานได้ทุกระบบ
รายการนี้ยังไม่มีแท็ก
คุณยังไม่ได้ล็อกอิน คุณสามารถมีกิจกรรมร่วมกับเว็บไซต์ได้ แต่ต้องล็อกอินก่อน ::
  ล็อกอิน

รายการสื่อสารสนเทศ

ลำดับที่ ประเภท เลขเรียก/บาร์โค้ด สถานที่ สถานะ
1. นวนิยาย
นวนิยาย
นว. ล455พ 2552 ฉ.1 
  Barcode: 026031
ห้องสมุดวิทยาเขตสวรรค์ประชารักษ์
►นวนิยาย
บนชั้น
  ขอยืม

BibComment


ยังไม่เคยถูกคอมเมนท์

คอมเมนท์ทรัพยากรรายการนี้
  คอมเมนท์: พลิกรักสลับขั้วหั..


 Copyright 2026. Bcnsprnw @Library